Normal view
MARC view
- Bach Johann Christian
Entry Personal Name
001 - CONTROL NUMBER
- control field: 5880
003 - CONTROL NUMBER IDENTIFIER
- control field: IT-RoPau
005 - DATE AND TIME OF LATEST TRANSACTION
- control field: 20131217222758.0
008 - FIXED-LENGTH DATA ELEMENTS
- fixed length control field: 131217|| aca||aabn | a|a d
040 ## - CATALOGING SOURCE
- Original cataloging agency: IT-RoPau
- Transcribing agency: IT-RoPau
100 ## - HEADING--PERSONAL NAME
- Personal name: Bach Johann Christian
- Dates associated with a name: Codice autore musica SPICS: 13796
- Relator term: Autore musica
- Name of part/section of a work: Andante con moto dal concerto N 16 in si bemolle maggiore Op13-N.4
670 ## - SOURCE DATA FOUND
- Source citation: Work cat.: (IT-RoPau)103436: AA.VV. 794, Capolavori ritrovati (Lp Arion Sarn 101)